• 首页
  • 本馆介绍
  • 公告通知
  • 最新文献
  • 馆藏检索
  • 电子资源
  • 读者导购
  • 参考咨询
  • 我的图书馆
  • 登录
  • 详细信息显示
  • 放入我的书架
  • 预约/预借图书
  • 作者相关作品
  • 分类相关作品
  • 丛书相关作品
  • 出版社相关作品

书目信息

  • 表格格式
  • 工作单格式
  • 卡片格式
题名:
探索与创新2010
    
 
作者: 杨振斌 主编
分册:  
出版信息: 北京   中国统计出版社  2012.03
页数: 416页
开本: 24cm
丛书名:
单 册:
中图分类: D643.1
科图分类:
主题词: 研究生--思想政治教育--研究--中国 , 研究生 , 思想政治教育
电子资源:
ISBN: 978-7-5037-6491-2
000 01100nam0 2200289 450
001 012012196357
005 20160901150005.68
010    @a978-7-5037-6491-2@dCNY52.00
100    @a20120510d2012 em y0chiy0110 ea
101 0  @achi
102    @aCN@b110000
105    @ay z 000yy
106    @ar
200 1  @a探索与创新2010@9tan suo yu chuang xin 2010@e研究生思想政治教育工作的启示@f杨振斌[等]主编
210    @a北京@c中国统计出版社@d2012.03
215    @a416页@d24cm
304    @a主编还有:李军、谢辉、张跃
304    @a中国学位与研究生教育学会德育委员会组织编写
330    @a本书收入了55篇论文,其论文内容涉及研究生党建、研究生思想政治教育工作理论研究、体质队伍建设、学术规范与道德教育、创新人才培养、心理健康教育、社会实践等多个方面。
517 1  @a研究生思想政治教育工作的启示@9yan jiu sheng si xiang zheng zhi jiao yu gong zuo de qi shi
606 0  @a研究生@x思想政治教育@x研究@y中国
606 0  @a研究生
606 0  @a思想政治教育
690    @aD643.1@v5
701  0 @a杨振斌@9yang zhen bin@c(思想政治工作)@4主编
801  0 @aCN@bNLC@c20120629
905    @b880520-25@dD643.1@e175@f6
    
    探索与创新2010:研究生思想政治教育工作的启示/杨振斌[等]主编.-北京:中国统计出版社,2012.03
    416页;24cm
    
    
    ISBN 978-7-5037-6491-2:CNY52.00
    本书收入了55篇论文,其论文内容涉及研究生党建、研究生思想政治教育工作理论研究、体质队伍建设、学术规范与道德教育、创新人才培养、心理健康教育、社会实践等多个方面。
●
相关链接 在E读中查询图书 在五车中查询图书 在当当中查询图书 在豆瓣中查询图书


正题名:探索与创新2010     索取号:D643.1/175         预约/预借

序号 登录号 条形码 馆藏地/架位号 状态 备注
1 880520   208805202   第一样本阅览室/ [索取号:D643.1/175] 在馆    
2 880521   208805211   教育系资料室/ [索取号:D643.1/175] 在馆    
3 880522   208805220   教育系资料室/ [索取号:D643.1/175] 在馆    
4 880523   208805239   教育系资料室/ [索取号:D643.1/175] 在馆    
5 880524   208805248   第一借阅区/ [索取号:D643.1/175] 在馆    
6 880525   208805257   第一借阅区/ [索取号:D643.1/175] 在馆    
唐山师范学院图书馆 欢迎您!
大连网信软件有限公司© 版权所有